‎عا لمی مير سيمينا ر (Record no. 92306)

MARC details
000 -LEADER
fixed length control field 00632nam a22002177a 4500
005 - DATE AND TIME OF LATEST TRANSACTION
control field 20150318152330.0
008 - FIXED-LENGTH DATA ELEMENTS--GENERAL INFORMATION
fixed length control field 140714b xxu||||| |||| 00| 0 Urdu d
010 ## - LCCN (DPL NO)
LC control number UR-8738
020 q# - INTERNATIONAL STANDARD BOOK NUMBER
Terms of availability 300.00
035 ## - SYSTEM CONTROL NUMBER
System control number U-7293
037 ## - SOURCE OF ACQUISITION
Source of stock number/acquisition DBAD/Pub.
040 ## - CATALOGING SOURCE
Original cataloging agency DPL
Language of cataloging Urdu
082 ## - DEWEY DECIMAL CLASSIFICATION NUMBER
Classification number 848.88
100 ## - MAIN ENTRY--PERSONAL NAME
Personal name ر ضو ی ا طہر
110 ## - MAIN ENTRY--CORPORATE NAME
Subordinate unit -
245 ## - TITLE STATEMENT
Title ‎عا لمی مير سيمينا ر
Statement of responsibility, etc ر ضو ی ا طہر
246 ## - VARYING FORM OF TITLE
Title proper/short title Aalimi Meer Seminar
Remainder of title By Athar Rizvi
260 ## - PUBLICATION, DISTRIBUTION, ETC. (IMPRINT)
Place of publication, distribution, etc د ھلی
Name of publisher, distributor, etc Shahid Publications
Date of publication, distribution, etc 2010
270 ## - ADDRESS
Address 2253,Resham Street,Kucha Chelan, Darya Ganj,
City New Delhi
Postal code 110002
300 ## - PHYSICAL DESCRIPTION
Extent 271ص
Dimensions 22Cm (Hb)

No items available.


© Delhi Public Library
Hit Counter
free hit counter